[Event "CZE-ch U14 Girls"]
[Site "Kouty nad Desnou"]
[Date "2024.03.09"]
[Round "1"]
[White "Kubatova, Ema"]
[Black "Spetlova, Stella"]
[Result "1-0"]
[WhiteElo "1580"]
[BlackElo "1405"]
[PlyCount "77"]
[EventDate "2024.03.09"]
[EventType "swiss"]
[EventRounds "9"]
[EventCountry "CZE"]
[SourceTitle "CB12_2024"]
[SourceDate "2023.10.01"]
[SourceVersion "1"]
[SourceVersionDate "2023.10.01"]
[SourceQuality "1"]

1. d4 c6 2. c4 d5 3. Nc3 dxc4 4. e4 Nd7 5. Bxc4 Nb6 6. Bb3 Nf6 7. h3 Qc7 8. Nf3 e6 9. Bg5 Be7 10. 0-0 0-0 11. Qe2 Nbd7 12. e5 Kh8 13. exf6 gxf6 14. Bh4 Rg8 15. Rac1 Qd8 16. Bg3 Qf8 17. Rfe1 Qg7 18. d5 cxd5 19. Nxd5 Bd6 20. Qf1 Bxg3 21. fxg3 exd5 22. Bxd5 Nb6 23. Be4 Qxg3 24. Nh2 Rb8 25. Qxf6+ Rg7 26. Bf3 Bxh3 27. Re2 Kg8 28. Rce1 Be6 29. Bxb7 Qd6 30. Bf3 Rg6 31. Qc3 Rc8 32. Qe5 Qe7 33. Bg4 Nd7 34. Qd4 Nf8 35. Bf5 Rf6 36. Ng4 Nd7 37. Nxf6+ Nxf6 38. Bxe6 fxe6 39. Rxe6 1-0

[Event "CZE-ch U14 Girls"]
[Site "Teplice"]
[Date "2023.03.13"]
[Round "4"]
[White "Kubatova, Ema"]
[Black "Kaplanova, Dominika"]
[Result "0-1"]
[WhiteElo "1189"]
[BlackElo "1534"]
[PlyCount "78"]
[EventDate "2023.03.11"]
[EventType "swiss"]
[EventRounds "9"]
[EventCountry "CZE"]
[SourceTitle "CBM 213 Extra"]
[Source "ChessBase"]
[SourceDate "2023.05.31"]
[SourceVersion "1"]
[SourceVersionDate "2023.05.31"]
[SourceQuality "1"]

1. d4 Nf6 2. c4 e6 3. Nc3 Bb4 4. Qc2 b6 5. Bg5 h6 6. Bh4 Bb7 7. a3 Bxc3+ 8. Qxc3 d6 9. e3 Nbd7 10. f3 c5 11. Bd3 Rc8 12. Qd2 Ba6 13. b3 Bb7 14. Ne2 cxd4 15. Nxd4 Nc5 16. Rb1 Nxd3+ 17. Qxd3 a6 18. 0-0 g5 19. Bf2 d5 20. cxd5 Nxd5 21. Rbc1 Ne7 22. Qb1 0-0 23. Rfd1 Rxc1 24. Qxc1 Qc8 25. Qb2 Rd8 26. Rc1 Qd7 27. Be1 Nd5 28. Nc2 Rc8 29. Qd4 Qb5 30. Qb2 Qe2 31. Bf2 Qd2 32. Be1 Qd3 33. Nb4 Qxe3+ 34. Qf2 Qxf2+ 35. Kxf2 Rxc1 36. Nxd5 Bxd5 37. b4 Ra1 38. Bc3 Rxa3 39. Bd4 Rb3 0-1

[Event "CZE-ch U14 Girls"]
[Site "Teplice"]
[Date "2023.03.12"]
[Round "2"]
[White "Kubatova, Ema"]
[Black "Martinkovicova, Nela"]
[Result "1-0"]
[WhiteElo "1189"]
[BlackElo "1207"]
[PlyCount "53"]
[EventDate "2023.03.11"]
[EventType "swiss"]
[EventRounds "9"]
[EventCountry "CZE"]
[SourceTitle "CBM 213 Extra"]
[Source "ChessBase"]
[SourceDate "2023.05.31"]
[SourceVersion "1"]
[SourceVersionDate "2023.05.31"]
[SourceQuality "1"]

1. d4 d5 2. c4 Be6 3. cxd5 Bxd5 4. Nc3 e6 5. a3 Nf6 6. Bg5 Be7 7. e3 0-0 8. Nf3 Ne4 9. Bxe7 Qxe7 10. Nxe4 Bxe4 11. Bd3 Bf5 12. 0-0 Nd7 13. Bxf5 exf5 14. Qc2 c5 15. Qxf5 cxd4 16. Nxd4 Rad8 17. Rac1 Ne5 18. Qc2 Rd7 19. h3 Ng6 20. Rfd1 Rfd8 21. Nf5 Rxd1+ 22. Rxd1 Rxd1+ 23. Qxd1 Qe6 24. Qd8+ Nf8 25. Ne7+ Qxe7 26. Qxe7 b5 27. Qxa7 1-0

[Event "CZE-chT U12"]
[Site "Jihlava"]
[Date "2022.06.11"]
[Round "6.4"]
[White "Kubatova, Ema"]
[Black "Vanacek, Jan"]
[Result "1-0"]
[WhiteElo "1221"]
[BlackElo "1454"]
[PlyCount "121"]
[EventDate "2022.06.10"]
[EventType "team-swiss"]
[EventRounds "9"]
[EventCountry "CZE"]
[SourceTitle "CBM 209 Extra"]
[Source "ChessBase"]
[SourceDate "2022.09.30"]
[SourceVersion "1"]
[SourceVersionDate "2022.09.30"]
[SourceQuality "1"]
[WhiteTeam "Namest nad Oslavou U12"]
[BlackTeam "Lysa nad Labem U12"]
[WhiteTeamCountry "CZE"]
[BlackTeamCountry "CZE"]

1. e4 c6 2. d4 d5 3. exd5 cxd5 4. Bd3 Nc6 5. c3 Nf6 6. h3 e5 7. dxe5 Nxe5 8. Bc2 Bc5 9. Bf4 Qe7 10. Qe2 Bd6 11. Bg3 0-0 12. Bxe5 Bxe5 13. Nf3 Re8 14. Nxe5 Qxe5 15. Qxe5 Rxe5+ 16. Kf1 Bd7 17. Nd2 Bb5+ 18. Kg1 Rae8 19. Kh2 Ne4 20. Nf3 Nxf2 21. Nxe5 Nxh1 22. Nxf7 Kxf7 23. Rxh1 Re2 24. Rf1+ Ke7 25. Bb3 Rxb2 26. Re1+ Kd6 27. Rd1 Bc6 28. c4 Ke7 29. cxd5 Bb5 30. Re1+ Re2 31. Rxe2+ Bxe2 32. Kg3 Kd6 33. Kf4 g6 34. Kg5 Bf1 35. g3 Bxh3 36. Kh6 Bg2 37. Kxh7 Bxd5 38. Bxd5 Kxd5 39. Kxg6 Ke6 40. g4 a5 41. g5 b5 42. Kh7 b4 43. g6 a4 44. g7 b3 45. axb3 a3 46. g8Q+ Ke5 47. Qa8 a2 48. Qxa2 Kd6 49. b4 Kc7 50. b5 Kb6 51. Qa6+ Kc7 52. b6+ Kb8 53. Qa7+ Kc8 54. b7+ Kd7 55. b8R+ Kd6 56. Rb6+ Kc5 57. Qa5+ Kc4 58. Rb4+ Kc3 59. Qa3+ Kc2 60. Rb2+ Kc1 61. Qa1# 1-0

[Event "CZE-chT U12"]
[Site "Jihlava"]
[Date "2022.06.10"]
[Round "2.4"]
[White "Zahalka, David"]
[Black "Kubatova, Ema"]
[Result "1/2-1/2"]
[WhiteElo "1148"]
[BlackElo "1221"]
[PlyCount "69"]
[EventDate "2022.06.10"]
[EventType "team-swiss"]
[EventRounds "9"]
[EventCountry "CZE"]
[SourceTitle "CBM 209 Extra"]
[Source "ChessBase"]
[SourceDate "2022.09.30"]
[SourceVersion "1"]
[SourceVersionDate "2022.09.30"]
[SourceQuality "1"]
[WhiteTeam "Klatovy Sokol U12"]
[BlackTeam "Namest nad Oslavou U12"]
[WhiteTeamCountry "CZE"]
[BlackTeamCountry "CZE"]

1. e4 c5 2. Nf3 Nc6 3. d4 cxd4 4. Nxd4 g6 5. Nc3 Bg7 6. Be3 d6 7. Qd2 Nf6 8. f3 Bd7 9. 0-0-0 0-0 10. Bc4 a6 11. a4 Qc7 12. b3 Rfc8 13. Bh6 Ne5 14. Nde2 Nxc4 15. bxc4 Qxc4 16. Bxg7 Kxg7 17. g4 Bxa4 18. h4 Qc5 19. Qf4 Rh8 20. h5 h6 21. hxg6 fxg6 22. Rh3 Bb5 23. Rdh1 Qg5 24. Qxg5 hxg5 25. Rxh8 Rxh8 26. Rxh8 Kxh8 27. Nxb5 axb5 28. Nd4 Nd7 29. Nxb5 Ne5 30. Nd4 Kg8 31. Kd2 Kf7 32. Ke3 Nc6 33. Ne2 Nb4 34. c3 Nc6 35. f4 1/2-1/2

[Event "CZE-ch U12 Girls"]
[Site "Luhacovice"]
[Date "2022.03.14"]
[Round "4"]
[White "Markina, Sofiia"]
[Black "Kubatova, Ema"]
[Result "1-0"]
[WhiteElo "1435"]
[BlackElo "1005"]
[PlyCount "77"]
[EventDate "2022.03.12"]
[EventType "swiss"]
[EventRounds "9"]
[EventCountry "CZE"]
[SourceTitle "EXT 2023"]
[Source "ChessBase"]
[SourceDate "2022.10.05"]
[SourceVersion "1"]
[SourceVersionDate "2022.10.05"]
[SourceQuality "1"]

1. e4 c5 2. Nf3 Nc6 3. Bb5 g6 4. 0-0 Bg7 5. c3 d6 6. d4 cxd4 7. cxd4 Bd7 8. Nc3 Nf6 9. Bf4 0-0 10. h3 a6 11. Ba4 b5 12. Bb3 Rc8 13. Rc1 Nh5 14. Bh2 Qb6 15. e5 dxe5 16. dxe5 Rfd8 17. Bxf7+ Kxf7 18. Nd5 Qb7 19. e6+ Bxe6 20. Ng5+ Kg8 21. Nxe6 Bxb2 22. Nxd8 Rxd8 23. Rxc6 Re8 24. Rc7 Qa8 25. Nxe7+ Kf8 26. Qd6 Qd8 27. Qe6 Rxe7 28. Rxe7 Qxe7 29. Bd6 Bf6 30. Bxe7+ Bxe7 31. Re1 Ng7 32. Qxe7+ Kg8 33. Qd8+ Ne8 34. Rxe8+ Kg7 35. Qe7+ Kh6 36. Qh4+ Kg7 37. Re7+ Kf8 38. Qf6+ Kg8 39. Qg7# 1-0

[Event "CZE-ch U10 Girls"]
[Site "Kouty nad Desnou"]
[Date "2020.03.11"]
[Round "6"]
[White "Kubatova, Ema"]
[Black "Pruskova, Justyna"]
[Result "1-0"]
[WhiteElo "1204"]
[BlackElo "1062"]
[PlyCount "115"]
[EventDate "2020.03.07"]
[EventType "swiss"]
[EventRounds "7"]
[EventCountry "CZE"]
[SourceTitle "CBM 195 Extra"]
[Source "ChessBase"]
[SourceDate "2020.05.31"]
[SourceVersion "1"]
[SourceVersionDate "2020.05.31"]
[SourceQuality "1"]

1. e4 e5 2. Nf3 Nc6 3. d4 exd4 4. Nxd4 Bc5 5. Nb3 Bb6 6. Bd3 Nf6 7. Nc3 d6 8. Bg5 h6 9. Bh4 Ne5 10. 0-0 Ng6 11. Bg3 0-0 12. h3 Nh5 13. Qxh5 Qf6 14. Rad1 Be6 15. Qe2 Rfe8 16. Rfe1 Nf4 17. Bxf4 Qxf4 18. Na4 Qg5 19. Qf3 Bxb3 20. Nxb6 axb6 21. axb3 Ra5 22. Bc4 Rae5 23. Bxf7+ Kh8 24. Bxe8 Rxe8 25. Qf7 Re7 26. Qf8+ Kh7 27. Qf5+ g6 28. Qxg5 hxg5 29. Ra1 Kh6 30. Ra7 d5 31. f3 c6 32. Kf2 Kh5 33. exd5 Rxe1 34. Kxe1 cxd5 35. Rxb7 Kh4 36. Kf2 g4 37. hxg4 d4 38. Rxb6 d3 39. cxd3 Kg5 40. f4+ Kxg4 41. Rxg6+ Kxf4 42. b4 Kf5 43. b5 Kxg6 44. b6 Kf5 45. b7 Ke6 46. b8Q Kd5 47. Qb4 Ke5 48. Qc4 Kf5 49. Qd4 Kg5 50. Qe4 Kh5 51. Kg3 Kg5 52. Qf4+ Kh5 53. Qg4+ Kh6 54. Kf4 Kh7 55. Qg5 Kh8 56. Kf5 Kh7 57. Kf6 Kh8 58. Qg7# 1-0

[Event "EU-ch U10 Girls"]
[Site "Bratislava"]
[Date "2019.08.05"]
[Round "4"]
[White "Dedic, Sajra"]
[Black "Kubatova, Ema"]
[Result "1-0"]
[WhiteElo "1126"]
[BlackElo "1115"]
[PlyCount "51"]
[EventDate "2019.08.02"]
[EventType "swiss"]
[EventRounds "9"]
[EventCountry "SVK"]
[SourceTitle "EXT 2020"]
[Source "ChessBase"]
[SourceDate "2019.10.17"]
[SourceVersion "1"]
[SourceVersionDate "2019.10.17"]
[SourceQuality "1"]

1. e4 c5 2. Nf3 Nc6 3. d4 cxd4 4. Nxd4 g6 5. Nc3 Bg7 6. Be3 Nf6 7. f3 0-0 8. Bc4 d6 9. Qd2 Re8 10. 0-0-0 a6 11. h4 Bd7 12. g4 Nxd4 13. Bxd4 b5 14. Bd3 Rc8 15. h5 gxh5 16. g5 Nxe4 17. Bxe4 Rf8 18. Bxg7 Kxg7 19. Qd4+ Kg8 20. Bxh7+ Kxh7 21. Rxh5+ Kg6 22. Rh6+ Kf5 23. Qe4+ Kxg5 24. Qh4+ Kf5 25. Rh5+ Kg6 26. Qg5# 1-0